LEADER 00953nam a2200265 i 4500 001 000000180911 003 CaOOAMICUS 005 20090731000000.0 008 090731n it u000 u ita u 013 $a158657 040 $aSeMil$bita 245 10$aVol. 2. 300 $a161 p. ;$c18 cm. 490 0 $aI classici cristiani 700 0 $aGregorius I,$c.$0(OLS)http://semarc/name/465 773 0 $aGregorius I, $tLettere.$dSiena : Cantagalli, [19--?]$kClassici cristiani$w()21807 830 2$aI classici cristiani.$0(OLS)http://semarc/title/386 850 $aSeMil 852 $aSeMil$W1$xVenegono$y1$m2S I 420$j131659$B131659$CSeMilBibl$Z2$F143529 $81 900 0 $aGregorio : Magno$c. 900 0 $aGregorio I$c. 961 $aOmaggio: Altro 996 $6245$aVol. 2$9(OLS)http://semarc/title/13458